ARRUPE JESUIT UNIVERSITY

CORONAVIRUS -STOP THE SPREAD - CLEAN,DISINFECT,COVER

Magical medicine: (Record no. 128318)

MARC details
000 -LEADER
fixed length control field 00932cam a2200313 4500
001 - CONTROL NUMBER
control field 3240544
003 - CONTROL NUMBER IDENTIFIER
control field ARRUPE
005 - DATE AND TIME OF LATEST TRANSACTION
control field 20181008111107.0
008 - FIXED-LENGTH DATA ELEMENTS--GENERAL INFORMATION
fixed length control field 710628s1971 enkafh b 000 0 eng b
010 ## - LIBRARY OF CONGRESS CONTROL NUMBER
LC control number 79501306
015 ## - NATIONAL BIBLIOGRAPHY NUMBER
National bibliography number B71-03498
020 ## - INTERNATIONAL STANDARD BOOK NUMBER
International Standard Book Number 0713901403
040 ## - CATALOGING SOURCE
Original cataloging agency DLC
Transcribing agency DLC
Modifying agency DLC
043 ## - GEOGRAPHIC AREA CODE
Geographic area code f-nr---
050 00 - LIBRARY OF CONGRESS CALL NUMBER
Classification number R653.N6
Item number M3
060 ## - NATIONAL LIBRARY OF MEDICINE CALL NUMBER
Classification number WZ 309 M163m 1971
082 00 - DEWEY DECIMAL CLASSIFICATION NUMBER
Classification number 615/.882/096692
300 ## - PHYSICAL DESCRIPTION
Dimensions 19 cm.
100 1# - MAIN ENTRY--PERSONAL NAME
Personal name Maclean, Una.
9 (RLIN) 42775
245 10 - TITLE STATEMENT
Title Magical medicine:
Remainder of title a Nigerian case-study.
Statement of responsibility, etc Una Maclean
260 ## - PUBLICATION, DISTRIBUTION, ETC. (IMPRINT)
Place of publication, distribution, etc Middlesex,
Name of publisher, distributor, etc Penguin Books,
Date of publication, distribution, etc 1974.
300 ## - PHYSICAL DESCRIPTION
Extent 166 p.;
504 ## - BIBLIOGRAPHY, ETC. NOTE
Bibliography, etc Bibliography: p. 157-[167]
650 #2 - SUBJECT ADDED ENTRY--TOPICAL TERM
Topical term or geographic name as entry element Folk medicine
Geographic subdivision Nigeria
9 (RLIN) 42776
906 ## - LOCAL DATA ELEMENT F, LDF (RLIN)
a 7
b cbc
c orignew
d 3
e ncip
f 19
g y-gencatlg
942 ## - ADDED ENTRY ELEMENTS (KOHA)
Source of classification or shelving scheme Library of Congress Classification
Koha item type Monograph ( Printed materials)
Holdings
Withdrawn status Lost status Source of classification or shelving scheme Damaged status Not for loan Collection code Home library Current library Shelving location Date acquired Total Checkouts Full call number Barcode Date last seen Price effective from Koha item type
    Library of Congress Classification     Main Collection ARRUPE LIBRARY ARRUPE LIBRARY Main Collection 08/10/2018   R653.N6 M3 46600002880 02/07/2019 08/10/2018 Monograph ( Printed materials)

 

Arrupe Library. PO Box MP320 Mt Pleasant, Harare, Zimbabwe
263 242 745411|librarian@aju.ac.zw